<?xml version="1.0" encoding="UTF-8"?>
<record
    xmlns:xsi="http://www.w3.org/2001/XMLSchema-instance"
    xsi:schemaLocation="http://www.loc.gov/MARC21/slim http://www.loc.gov/standards/marcxml/schema/MARC21slim.xsd"
    xmlns="http://www.loc.gov/MARC21/slim">

  <leader>00490nam a2200145Ia 4500</leader>
  <controlfield tag="008">100122s9999    xx            000 0 und d</controlfield>
  <datafield tag="082" ind1=" " ind2=" ">
    <subfield code="b">14570</subfield>
    <subfield code="a">822</subfield>
  </datafield>
  <datafield tag="100" ind1=" " ind2=" ">
    <subfield code="a">&#x91C;&#x93E;&#x935;&#x921;&#x947;&#x915;&#x930; &#x92E;&#x941;&#x930;&#x932;&#x940;&#x927;&#x930;</subfield>
  </datafield>
  <datafield tag="245" ind1=" " ind2=" ">
    <subfield code="a">&#x92E;&#x938;&#x94D;&#x924;&#x93E;&#x928;&#x940;&#x91A;&#x93E; &#x92C;&#x93E;&#x91C;&#x940;&#x930;&#x93E;&#x935;</subfield>
  </datafield>
  <datafield tag="260" ind1=" " ind2=" ">
    <subfield code="b">&#x92E;&#x941; &#x92E; &#x91C;&#x93E;&#x935;&#x921;&#x947;&#x915;&#x930;</subfield>
    <subfield code="c">1967</subfield>
  </datafield>
  <datafield tag="300" ind1=" " ind2=" ">
    <subfield code="a">94</subfield>
  </datafield>
  <datafield tag="630" ind1=" " ind2=" ">
    <subfield code="a">&#x92E;&#x938;&#x94D;&#x924;&#x93E;&#x928;&#x940;&#x91A;&#x93E; &#x92C;&#x93E;&#x91C;&#x940;&#x930;&#x93E;&#x935;</subfield>
  </datafield>
  <datafield tag="730" ind1=" " ind2=" ">
    <subfield code="a">&#x92E;&#x938;&#x94D;&#x924;&#x93E;&#x928;&#x940;&#x91A;&#x93E; &#x92C;&#x93E;&#x91C;&#x940;&#x930;&#x93E;&#x935;</subfield>
  </datafield>
  <datafield tag="942" ind1=" " ind2=" ">
    <subfield code="c">BOOK</subfield>
  </datafield>
  <datafield tag="999" ind1=" " ind2=" ">
    <subfield code="c">404985</subfield>
    <subfield code="d">404982</subfield>
  </datafield>
</record>
